|
|
|
|
| LEADER |
00000nam0a2200000 4500 |
| 001 |
357669 |
| 005 |
20231102011021.0 |
| 035 |
|
|
|a (RuTPU)RU\TPU\retro\14937
|
| 090 |
|
|
|a 357669
|
| 100 |
|
|
|a 20200807d1973 km y0rusy50 ca
|
| 101 |
0 |
|
|a rus
|
| 102 |
|
|
|a RU
|
| 105 |
|
|
|a a z 001zy
|
| 200 |
1 |
|
|a Биологическая изомерия
|f В. Б. Касинов
|g Академия наук СССР, Физико-технический институт им. А. Ф. Иоффе
|
| 210 |
|
|
|a Ленинград
|c Наука
|d 1973
|
| 215 |
|
|
|a 267 с.
|c ил.
|
| 320 |
|
|
|a Библиогр.: с. 234-260
|
| 320 |
|
|
|a Предм. указ.: с. 261-265
|
| 606 |
1 |
|
|a Изомерия в биологии
|2 stltpush
|3 (RuTPU)RU\TPU\subj\12330
|9 39137
|
| 610 |
1 |
|
|a симметрия
|
| 610 |
1 |
|
|a биоизомерия
|
| 610 |
1 |
|
|a количественные методы
|
| 610 |
1 |
|
|a биоизомеры
|
| 610 |
1 |
|
|a функциональные свойства
|
| 675 |
|
|
|a 573
|v 4
|
| 700 |
|
1 |
|a Касинов
|b В. Б.
|g Вадим Борисович
|
| 712 |
0 |
2 |
|a Академия наук СССР
|b Физико-технический институт им. А. Ф. Иоффе
|c (Ленинград)
|2 stltpush
|3 (RuTPU)RU\TPU\col\12056
|
| 801 |
|
1 |
|a RU
|b 63413507
|c 20200807
|
| 801 |
|
2 |
|a RU
|b 63413507
|c 20210324
|g RCR
|
| 942 |
|
|
|c BK
|